000
00429nam a22001337a 4500
020
_a
8192426471
082
_a
338.5024658
100
_a
Hales, Alexander
245
_a
Introduction to managerial economics
260
_a
New Delhi
_b
Random exports
_c
2013
300
_a
304p
942
_c
BK
999
_c
3494
_d
3494